| 000 | 00964nac a22002531u 4500 | ||
|---|---|---|---|
| 010 | _a 2004063450 | ||
| 020 | _a0273681184 (pbk.) | ||
| 082 | 0 | 0 |
_a657.3 _bROB |
| 090 |
_c6831 _d6831 |
||
| 100 | _aRoberts, Clare B. | ||
| 245 | 1 | 0 |
_aInternational financial reporting : _ba comparative approach / _cClare Roberts, Pauline Weetman, Paul Gordon. |
| 250 | _a3rd ed. | ||
| 260 |
_aNew York : _bFinancial Times Prentice Hall,c.2005. _cc.2005. |
||
| 300 | _ap. cm. | ||
| 500 | _aDistributer : Al-Ahram. | ||
| 504 | _aIncludes bibliographical references and index. | ||
| 511 | _aCatalogued By: Mahitab. | ||
| 650 | 0 |
_aInternational business enterprises _xFinance. |
|
| 650 | 0 |
_aAccounting _xStandards _xInternational cooperation. |
|
| 700 | 1 | _aWeetman, Pauline. | |
| 700 | 1 | _aGordon, Paul. | |
| 942 |
_cBB _k657.3ROB |
||
| 999 |
_c6831 _d6831 |
||